Music Quiz

Random Music or Kpop Quiz

My Kpop Bias List (Re-Updated) Quiz Stats

 Plays Quiz not verified by Sporcle

Also try: Metallica Albums
Challenge
Share
Tweet
Score 0/45 Timer 15:00
0 Plays Today
% Correct
Amber ♥♥♥
99.3%
Lisa
94.2%
T.O.P
93.5%
Minho
91.9%
Rap Monster
91.2%
Jackson
90.8%
Vernon
90.5%
Ravi
90.3%
Chanyeol
90.1%
Hani
86.9%
Yeri
82.6%
Hyolyn
82.6%
L
82.4%
Yoona ♥
81.8%
Jooheon
79.1%
MInhyuk
79%
Rocky
78.6%
Moonbyul ♥♥
78.4%
Jimin
78.1%
Taecyeon
77.7%
P.O
75.2%
SinB
74.1%
Jongup
70%
% Correct
Bomi
69.8%
Donghae
69.4%
Jeongyeon
68.7%
Min
67.3%
Nana
67.1%
Young K
66%
CNU
63.7%
Seunghoon
62.9%
BM
62.9%
Chanhyuk
46.9%
YooA
41.9%
Yoojung
39.7%
Yezi
38.5%
Ashley
38.1%
YoonYul ♥♥♥
38.1%
Yeo One
37.2%
Elkie
36%
Eunjung
33.1%
Mijoo
27.2%
Alex
24.6%
26
11.5%
EJ
6.1%

You're not logged in!

Compare scores with friends on all Sporcle quizzes.
Join for Free
OR
Log In

You Might Also Like...

Show Comments

Extras

Top Quizzes Today


Score Distribution

Your Account Isn't Verified!

In order to create a playlist on Sporcle, you need to verify the email address you used during registration. Go to your Sporcle Settings to finish the process.

Report this User

Report this user for behavior that violates our Community Guidelines.

Details: